000 00902nam a22002295i 4500
001 165097
003 ES-MaACL
005 20250906063134.0
008 010723s1895 fr af |||| | fre d
040 _aCCPB | B
_bspa
_cCCPB | B
080 _a524.3
100 1 _aSecchi, Angelo,
_d1818-1878
_9132608
245 1 4 _aLes étoiles
_b: essai d'astronomie sidérale /
_cpar A. Secchi.
250 _a3ème éd.
260 _aParis :
_bLibrairie Germer Baillière et Cie.,
_c1895 (
_eCoulommiers :
_fTyp. Paul Brodard)
300 _a2 v. T.I (XIV, 208 p., [10] h. de lám.) - T.II (235 p., [7] h. de lám.) :
_bil. ;
_c22 cm.
490 1 _aBibliothèque scientifique internationale ;
_v28-29
650 0 4 _aEstrellas.
_912564
830 0 _aBibliothèque scientifique internationale ;
_v28-29
_9186949
852 _aES-MaACL
_jF-14358-59
_z-- Enc. editorial en tela
999 _c165097
_d165097